Využitie senzorického marketingu v podpore predaja

Vnemový marketing poukazuje na dôležitosť vytvorenia vhodnej atmosféry v obchodoch s dôrazom na jednotlivé elementy akými sú farby, hudba, vône či osvetlenie. Vnemový marketing je založený na princípe pôsobenia všetkých piatich zmyslov zákazníka tak, aby sa do jeho pamäti vryla určitá značka. Predaj...

Celý popis

Uložené v:
Podrobná bibliografia
Hlavný autor: Plevová, Katarína, 1989-
Médium: Kapitola
Jazyk:Slovak
Predmet:
Tagy: Pridať tag
Žiadne tagy, Buďte prvý, kto otaguje tento záznam!

MARC

LEADER 00000nla a2200000 4500
001 0212166
005 20240502073534.4
041 0 |a slo 
044 |a SK 
245 1 0 |a Využitie senzorického marketingu v podpore predaja  |c Katarína Plevová 
520 |a Vnemový marketing poukazuje na dôležitosť vytvorenia vhodnej atmosféry v obchodoch s dôrazom na jednotlivé elementy akými sú farby, hudba, vône či osvetlenie. Vnemový marketing je založený na princípe pôsobenia všetkých piatich zmyslov zákazníka tak, aby sa do jeho pamäti vryla určitá značka. Predajňa a jej vplyv na nákupné správanie spotrebiteľov. 
610 2 0 |a predajne 
610 2 0 |a zákazníci 
610 2 0 |a správanie spotrebiteľa 
610 2 0 |a marketing vnemový 
100 1 |a Plevová, Katarína, 1989-